Medio siglo en la colección de ABC (Record no. 101536)

MARC details
000 -LEADER
campo de control de longitud fija 00803nam a2200217 i 4500
001 - NÚMERO DE CONTROL
campo de control 101536
003 - IDENTIFICADOR DE NÚMERO DE CONTROL
campo de control ES-MaACL
005 - FECHA Y HORA DE LA ÚLTIMA TRANSACCIÓN
campo de control 20250402175001.0
007 - CAMPO FIJO DE DESCRIPCIÓN FÍSICA--INFORMACIÓN GENERAL
campo de control de longitud fija t|
008 - DATOS DE LONGITUD FIJA--INFORMACIÓN GENERAL
campo de control de longitud fija 051020s1955 sp a ||||1| spa d
080 ## - NÚMERO DE LA CLASIFICACIÓN DECIMAL UNIVERSAL
Número de la Clasificación Decimal Universal 946"19"(093.32)
245 00 - MENCIÓN DEL TÍTULO
Título Medio siglo en la colección de ABC
Resto del título : florilegio de grandes episodios y pequeñas anécdotas, 1905-1955 /
Mención de responsabilidad, etc. prólogo de Torcuato Luca de Tena [dirigido por... Pedro Rocamora Valls].
260 ## - PUBLICACIÓN, DISTRIBUCIÓN, ETC.
Lugar de publicación, distribución, etc. Madrid :
Nombre del editor, distribuidor, etc. Prensa Española,
Fecha de publicación, distribución, etc. 1955.
300 ## - DESCRIPCIÓN FÍSICA
Extensión 414 p. :
Otras características físicas il. ;
Dimensiones 30 cm.
651 #4 - PUNTO DE ACCESO ADICIONAL DE MATERIA--NOMBRE GEOGRÁFICO
Nombre geográfico España-
Subdivisión general Historia-
Subdivisión cronológica S.XX-
Subdivisión de forma Fuentes.
9 (RLIN) 8364
700 1# - ENTRADA AGREGADA--NOMBRE PERSONAL
Nombre de persona Luca de Tena, Torcuato,
Fechas asociadas al nombre 1923-1999
9 (RLIN) 74516
700 1# - ENTRADA AGREGADA--NOMBRE PERSONAL
Nombre de persona Rocamora, Pedro,
Fechas asociadas al nombre 1910-1993
9 (RLIN) 156813
710 2# - ENTRADA AGREGADA--NOMBRE DE ENTIDAD CORPORATIVA
Nombre de entidad corporativa o nombre de jurisdicción como elemento de entrada Diario ABC.
9 (RLIN) 1137
852 ## - LOCALIZACIÓN
Ubicación ES-MaACL
Número de control de estantería A-3239
Holdings
Estatus retirado Estado de pérdida Estado de daño No para préstamo Biblioteca de origen Biblioteca actual Ubicación en estantería Fecha de adquisición Fuente de adquisición Total de préstamos Signatura topográfica completa Código de barras Visto por última vez Precio de reemplazo Tipo de ítem Koha
        Biblioteca del Ateneo de Madrid Biblioteca del Ateneo de Madrid Sala Pecera Planta 1 17/01/2008     A-3239 1106003 23/02/2023 23/02/2023 Libro impreso